000 00618nam a2200229Ia 4500
003 OSt
005 20220927105941.0
006 a|||||r|||| 00| 0
007 ta
008 220926b |||||||| |||| 00| 0 eng d
024 _a111570
037 _cReference Collections
040 _aRTL
_cRTL
_beng
041 _2eng
_aeng
082 _a"J:1p1.N62, K2"
111 _aInternational seminar on soil and water utilization (1962 : Brookings)
_9375740
245 0 _aProceedings
260 _c1962
650 _aAgriculture
942 _h"J:1p1.N62, K2"
_cCC
999 _c695254
_d695254